| 000 | 00824cam a22002535a 4500 | ||
|---|---|---|---|
| 001 | 15800292 | ||
| 005 | 20151031150311.0 | ||
| 008 | 090701s2010 enka frbd 001 0 eng d | ||
| 020 | _a9780415551618 (pbk. : alk. paper) | ||
| 040 |
_aDLC _beng _cDLC _dEG-ScBUE _dEG-ScBUE |
||
| 082 | 0 | 4 |
_a343.099 _bCRO _222 |
| 100 | 1 |
_aCrook, Tim, _d1959- _938619 |
|
| 245 | 1 | 0 |
_aComparative media law and ethics / _cTim Crook. |
| 250 | _31st ed. | ||
| 260 |
_aAbingdon ; _aNew York : _bRoutledge / Taylor & Francis Group, _c2010. |
||
| 300 |
_axiv, 481 p. : _bill. ; _c24 cm. |
||
| 500 | _aGlossary : p. 431-450. | ||
| 500 | _aIndex : p. 474-481. | ||
| 504 | _aBibliography : p. 451-473. | ||
| 650 | 0 |
_aMass media _xLaw and legislation. _2BUEsh |
|
| 651 | _2BUEsh | ||
| 653 |
_bCOMAME _cJune2015 _cOctober2015 |
||
| 942 |
_2ddc _k343.099 CRO |
||
| 999 |
_c19870 _d19842 |
||